Číselníky a stupnice tlakových teploměrů. STN 25 8211. ST SEV 3581-82 : Technické požadavky. Účinnost: 1.4.1986

Na minha lista:
Detalhes bibliográficos
Formato: Livro
Idioma:tcheco
Publicado em: Praha : Úřad pro normalizaci a měření, 1986
Assuntos:
Tags: Adicionar Tag
Sem tags, seja o primeiro a adicionar uma tag!

MARC

LEADER 00000nam a22000003a 4500
001 stu79441
005 20150408175419.4
008 030304s1986----cs------------------cze-d
040 |a STU  |b slo 
041 0 |a cze 
044 |a cs 
080 |a 681.2 
245 |a Číselníky a stupnice tlakových teploměrů. STN 25 8211. ST SEV 3581-82 :  |b Technické požadavky. Účinnost: 1.4.1986 
260 |a Praha :  |b Úřad pro normalizaci a měření,  |c 1986 
300 |a 16 s 
650 7 |a teplomery tlakové  |2 stusub 
996 |b 284M039347  |c M*N-811-1  |l MMKN  |s A  |a 24  |w stu79441_0001